01867nab a22003137a 4500999001500000003000400015005001700019008004100036040000700077100003500084245012600119260007300245300001600318500008400334505047300418505014700891505008901038650002001127650001901147650003501166650003401201650003201235650003001267650003001297650005101327653002201378773014001400942001301540 c5267d5267OSt20250209232508.0190603e xxum|||| |||| 00| 0 spa d cPJ 96321aVan Thienen, P. Augusto 13aDonación inoficiosa. (Colación y planificación de la sucesión en empresas familiares) /cP. Augusto Van Thienen.  cCiudad Autónoma de Buenos Aires :aThomson Reuters La Ley, b2025. ap. 252-261. aCita Online: TR LALEY AR/DOC/60/2025. Publicado en: RCCyC 2025 (febrero) , 252. a Sumario: I. Introducción.— II. Legítima (imperativa) y sucesión de empresas familiares.— III. Donación (inoficiosa) y planificación de la sucesión.— IV. Acción de colación y reducción. Valor de la empresa en marcha.— V. La gestión del fundador y la relación de control.— VI. Externalidades (negativas) del modelo sucesorio argentino.— VII. Hablemos sobre planificación sucesoria y violencia de género.— VIII. Mis conclusiones.  aFallo Comentado: SC Mendoza, sala I ~ 05/08/2024 ~ Z., M. C. c. Z., J.A. y otros s/ acciones sucesorias s/ recurso extraordinario provincial. t¿Te interesa el texto completo? Solicitalo al correo: koha@justierradelfuego.gov.ar 09888aSUCESIONES 091037aHERENCIA 094553aPARTICION DE LA HERENCIA 094044aPERSPECTIVA DE GÉNERO 093053aVIOLENCIA DE GÉNERO 091679aSOCIEDAD DE FAMILIA 096322aDONACION INOFICIOSA 095756aPARTICIPACIÓN DE UNA SOCIEDAD EN OTRA  aPROCESO SUCESORIO0 0271393170dCiudad Autónoma de Buenos Aires : Thomson Reuters La Ley, 2015-tRevista Código Civil y Comercial. Nº 1 - Febrero 2025 2udccANA